<?xml version="1.0" encoding="UTF-8"?>
<record
    xmlns:xsi="http://www.w3.org/2001/XMLSchema-instance"
    xsi:schemaLocation="http://www.loc.gov/MARC21/slim http://www.loc.gov/standards/marcxml/schema/MARC21slim.xsd"
    xmlns="http://www.loc.gov/MARC21/slim">

  <leader>00773cam9a220020500 4500</leader>
  <controlfield tag="001">qce01876063</controlfield>
  <controlfield tag="005">20190823082631.0</controlfield>
  <controlfield tag="008">770314c19601959enkf     b    001 0 eng d</controlfield>
  <datafield tag="035" ind1=" " ind2=" ">
    <subfield code="a">(Sirsi) r10686</subfield>
  </datafield>
  <datafield tag="035" ind1=" " ind2=" ">
    <subfield code="a">(QCAT)lss01519844</subfield>
  </datafield>
  <datafield tag="035" ind1=" " ind2=" ">
    <subfield code="a">(UPRA)qce01876063</subfield>
  </datafield>
  <datafield tag="040" ind1=" " ind2=" ">
    <subfield code="d">UPRA</subfield>
  </datafield>
  <datafield tag="100" ind1="1" ind2=" ">
    <subfield code="a">Brinnin, John Malcolm, 1916-</subfield>
    <subfield code="d">Brinnin, John Malcolm, 1916-</subfield>
    <subfield code="6">A62496.1</subfield>
  </datafield>
  <datafield tag="245" ind1="1" ind2="4">
    <subfield code="a">The third rose :</subfield>
    <subfield code="b">Gertrude Stein and her world /</subfield>
    <subfield code="c">by John Malcolm Brinnin.</subfield>
  </datafield>
  <datafield tag="260" ind1=" " ind2=" ">
    <subfield code="a">London :</subfield>
    <subfield code="b">Weidenfeld &amp; Nicolson,</subfield>
    <subfield code="c">1960, [c1959]</subfield>
  </datafield>
  <datafield tag="504" ind1=" " ind2=" ">
    <subfield code="a">"A selected bibliography of the works of Gertrude Stein" : p. 413-415.</subfield>
  </datafield>
  <datafield tag="600" ind1="1" ind2="0">
    <subfield code="a">Stein, Gertrude, 1874-1946.</subfield>
    <subfield code="d">Stein, Gertrude, 1874-1946.</subfield>
    <subfield code="6">S49726.1</subfield>
  </datafield>
  <datafield tag="949" ind1=" " ind2=" ">
    <subfield code="a">PS3537.T323</subfield>
    <subfield code="w">lcc</subfield>
    <subfield code="i">-2455</subfield>
    <subfield code="m">MAIN</subfield>
    <subfield code="t">BOOK</subfield>
    <subfield code="l">ON-SHELF</subfield>
  </datafield>
  <controlfield tag="004">10686</controlfield>
  <datafield tag="999" ind1=" " ind2=" ">
    <subfield code="c">138480</subfield>
    <subfield code="d">138480</subfield>
  </datafield>
</record>
